| 000 | 01426cam a2200385 i 4500 | ||
|---|---|---|---|
| 999 |
_c10353 _d10353 |
||
| 001 | 17552273 | ||
| 003 | GBCCL | ||
| 005 | 20241126110730.0 | ||
| 008 | 121206m20139999ilu 000 0 eng | ||
| 010 | _a 2012041093 | ||
| 020 | _a9780830829118 (hardcover) | ||
| 020 | _a9780830829125 (v. 2) | ||
| 040 |
_aDLC _beng _cDLC _erda _dDLC |
||
| 041 | 1 |
_aeng _hgrc |
|
| 042 | _apcc | ||
| 050 | 0 | 0 |
_aBR65.C953 _bI413 2013 |
| 082 | 0 | 0 |
_a220.7 _a226.5/07 _223 _bANC |
| 100 | 0 |
_aCyril, _cSaint, Patriarch of Alexandria, _dapproximately 370-444. _917970 |
|
| 240 | 1 | 0 |
_aCommentary on John. _lEnglish. _s(Maxwell) |
| 245 | 1 | 0 |
_aCommentary on John / _cCyril of Alexandria ; translated with an introduction and notes by David R. Maxwell ; edited by Joel C. Elowsky. |
| 264 | 1 |
_aDowners Grove, Illinois : _bInterVarsity Press, _c[2013]-<2015 > |
|
| 300 |
_avolumes ; _c27 cm. |
||
| 336 |
_atext _ardacontent |
||
| 337 |
_aunmediated _ardamedia |
||
| 338 |
_avolume _ardacarrier |
||
| 490 | 0 | _aAncient Christian texts | |
| 500 | _aIncludes index. | ||
| 546 | _aTranslated from Greek. | ||
| 630 | 0 | 0 |
_aBible. _pJohn _vCommentaries _vEarly works to 1800. _917971 |
| 700 | 1 |
_aMaxwell, David R., _d1968- _917972 |
|
| 700 | 1 |
_aElowsky, Joel C., _d1963- _917965 |
|
| 906 |
_a7 _bcbc _corignew _d1 _eocip _f20 _gy-gencatlg |
||
| 942 |
_2ddc _cREF |
||